Bringing up girls / (Record no. 62)
[ view plain ]
| 000 -LEADER | |
|---|---|
| fixed length control field | 01513cam a2200277 a 4500 |
| 001 - CONTROL NUMBER | |
| control field | 16055972 |
| 003 - CONTROL NUMBER IDENTIFIER | |
| control field | OSt |
| 005 - DATE AND TIME OF LATEST TRANSACTION | |
| control field | 20230118122120.0 |
| 008 - FIXED-LENGTH DATA ELEMENTS--GENERAL INFORMATION | |
| fixed length control field | 100115s2010 ilu b 000 0 eng |
| 010 ## - LIBRARY OF CONGRESS CONTROL NUMBER | |
| LC control number | 2010001869 |
| 020 ## - INTERNATIONAL STANDARD BOOK NUMBER | |
| International Standard Book Number | 9781414301273 |
| 040 ## - CATALOGING SOURCE | |
| Original cataloging agency | DLC |
| Transcribing agency | DLC |
| Modifying agency | DLC |
| 050 00 - LIBRARY OF CONGRESS CALL NUMBER | |
| Classification number | BV4529 |
| Item number | .D6315 2010 |
| 082 00 - DEWEY DECIMAL CLASSIFICATION NUMBER | |
| Classification number | 248.8/45 |
| Edition number | 22 |
| 100 1# - MAIN ENTRY--PERSONAL NAME | |
| Personal name | Dobson, James C., |
| Dates associated with a name | 1936- |
| 245 10 - TITLE STATEMENT | |
| Title | Bringing up girls / |
| Statement of responsibility, etc | James Dobson. |
| 260 ## - PUBLICATION, DISTRIBUTION, ETC. (IMPRINT) | |
| Place of publication, distribution, etc | Carol Stream, Ill. : |
| Name of publisher, distributor, etc | Tyndale House Publishers, |
| Date of publication, distribution, etc | c2010. |
| 300 ## - PHYSICAL DESCRIPTION | |
| Extent | xi, 285 p. ; |
| Dimensions | 24 cm. |
| 504 ## - BIBLIOGRAPHY, ETC. NOTE | |
| Bibliography, etc | Includes bibliographical references (p. 273-285). |
| 505 0# - FORMATTED CONTENTS NOTE | |
| Formatted contents note | The wonderful world of girls -- Girls in peril -- The fair sex -- Why she is who she is -- Teaching girls to be ladies -- Embarrassing the angels -- Girls and their mothers -- Young women talk about their fathers -- Why daddies matter -- Fathers to daughters -- Cinderella at the ball -- Related questions and answers -- The obsession with beauty -- The river of culture -- Consequences -- Good news about girls -- Charming your girl -- Puberty and adolescence -- Questions and answers about puberty and adolescence -- Bullies, buddies, and best friends -- Protecting your daughter from invasive technology -- The last word. |
| 650 #0 - SUBJECT ADDED ENTRY--TOPICAL TERM | |
| Topical term or geographic name as entry element | Parenting |
| General subdivision | Religious aspects |
| -- | Christianity. |
| Topical term or geographic name as entry element | Girls |
| General subdivision | Religious life. |
| 906 ## - LOCAL DATA ELEMENT F, LDF (RLIN) | |
| a | 7 |
| b | cbc |
| c | orignew |
| d | 1 |
| e | ecip |
| f | 20 |
| g | y-gencatlg |
| 942 ## - ADDED ENTRY ELEMENTS (KOHA) | |
| Source of classification or shelving scheme | Library of Congress Classification |
| Koha item type | Long Loan Books |
| Withdrawn status | Lost status | Source of classification or shelving scheme | Damaged status | Not for loan | Collection code | Home library | Current library | Shelving location | Date acquired | Total Checkouts | Full call number | Barcode | Date last seen | Date checked out | Price effective from | Koha item type |
|---|---|---|---|---|---|---|---|---|---|---|---|---|---|---|---|---|
| Library of Congress Classification | Non-fiction | Rongo University Library | Rongo University Library | General Stacks | 16/09/2015 | 1 | BV4529 .D6315 2010 | 20155768 | 11/02/2019 | 29/01/2019 | 16/09/2015 | Long Loan Books |
